| 000 | 00452nam a22001457a 4500 | ||
|---|---|---|---|
| 082 |
_a363.7392 _bAUT _cD |
||
| 245 |
_aAutomotive air pollution/ _cAsif Faiz. Kumare Sinha. Michael Walsh. |
||
| 260 |
_aWashington: _bThe World Bank, _c1990. |
||
| 300 | _axviii, 109 p. ; | ||
| 526 |
_a0 _b0 _c0 _d363_739200000000000_AUT |
||
| 526 |
_a0 _b0 _c0 _d363_739200000000000_AUT |
||
| 526 |
_a0 _b0 _c0 _d363_739200000000000_AUT |
||
| 650 | _aMCE (D) | ||
| 942 |
_2ddc _cBK |
||
| 999 |
_c542845 _d542845 |
||